Rotated Or Not? - Sudden Death - Statistics

General Stats
  • This quiz has been taken 44 times
  • The average score is 9 of 15
Answers on the Grid
Answers color-coded by a green-red scale on the quiz's grid according to % correct below.
example
example
example
example
example
example
example
example
example
example
example
example
example
example
example
example
example
example
example
example
example
example
example
example
example
example
example
example
example
example
 
Answer Stats
Answer % Correct
example
86%
example
79%
example
76%
example
72%
example
72%
example
72%
example
69%
example
66%
example
59%
example
59%
example
52%
example
52%
example
52%
example
48%
example
28%
No matching quizzes found
Score Distribution
Percent of People with Each Score
Percentile by Number Answered
Your Score History
You have not taken this quiz